00754nam a2200193 a 450000100100000000500170001000800410002702000180006804000250008608200210011110000320013224500580016426000750022230000210029750400730031850400330039195201190042499900170054300004319620201002040720.0140224s2012 cu 000 0 spa d a9789592711853 aDO-SdBNPbspacBNPHU axxxxxxxbxxxxxxx1 aÁlvarez Cruz, Laura9584310aDe la historia de las letras /cLaura Álvarez Cruz. aLa Habana, :bCentro de estudios martianosbEdiciones boloña,c2012. a187 p. ;c21 cm. aIncluye referencias bibliográficas y notas al pie de las páginas aBibliografías : p. 183-187 001050718MOaGRbGRcHDd2014-02-24iLF1l0oxxxxxxx xxxxxxxp43196-10r2020-06-25w2020-06-25y1ZNo se presta c42685d42685